ბათუმის შოთა რუსთაველის სახელმწიფო უნივერსიტეტის ბიბლიოთეკა

აზიისა და აფრიკის ქვეყნების ახალი ისტორია. ნაწ. 2 : (ბიბ.ჩანაწერი № 56197)

000 -ლიდერი
ფიქსირებული სიგრძის საკონტროლო ველი 01438nam a2200265Ia 4500
001 - საკონტროლო ნომერი
საკონტროლო ველი 23298
003 - საკონტროლო ნომრის იდენტიფიკატორი
საკონტროლო ველი GE_BSU
005 - ბოლო ოპერაციის თარიღი და დრო
საკონტროლო ველი 20251118192920.0
008 - ფიქსირებული სიგრძის მონაცემთა ელემენტები - ზოგადი ინფორმაცია
ფიქსირებული სიგრძის საკონტროლო ველი 181216s1983||||ge |||||||||||||| ||geo||
040 ## - კატალოგიზაციის წყარო
Transcribing agency GE_BSU
041 ## - ენის კოდი
Language code of text/sound track or separate title geo
080 ## - უნივერსალური ათობითი კლასიფიკაციის ინდექსი
Universal Decimal Classification number 94(5)"15/18"(075.8) + 94(6)"15/18"(075.8) დ-74
100 ## - მთავარი ჩანაწერი - პიროვნების სახელი
Personal name დონაძე, ვარლამ
9 (RLIN) 10224
245 ## - ცნობა სათაურის შესახებ
Title აზიისა და აფრიკის ქვეყნების ახალი ისტორია. ნაწ. 2 :
Remainder of title 1870-1918 წწ. /
Statement of responsibility, etc ვარლამ დონაძე ; რედ. ლ. გულაშვილი.
250 ## - გამოცემის ცნობა
Edition statement მეორე გადამუშ. და შევსებ. გამოცემა
264 ## - წარმოების, გამოცემის, დისტრიბუციის და სხვა ცნობები
გამოცემის, წარმოების, დისტრიბუციის... ადგილი თბილისი :
გამოცემის, წარმოების, დისტრიბუციის... სახელწოდება განათლება,
გამოცემის, წარმოების, დისტრიბუციის... თარიღი 1983.
300 ## - ფიზიკური აღწერა
Extent 447 გვ. ;
Dimensions 22 სმ.
504 ## - BIBLIOGRAPHY, ETC. NOTE
Bibliography, etc ბიბლიოგრაფია ტექსტის შენიშვნებში
653 ## - INDEX TERM--UNCONTROLLED
Uncontrolled term აზიის ქვეყნების ახალი ისტორია
653 ## - INDEX TERM--UNCONTROLLED
Uncontrolled term აზიისა და აფრიკის ქვეყნების ახალი ისტორია. ნაწ. 2 : 1870-1918 წწ.
653 ## - INDEX TERM--UNCONTROLLED
Uncontrolled term აფრიკის ქვეყნების ახალი ისტორია
700 ## - ADDED ENTRY--PERSONAL NAME
Personal name გულაშვილი, ლ.
Relator term რედაქტორი
9 (RLIN) 1830
942 ## - ADDED ENTRY ELEMENTS (KOHA)
Koha item type წიგნი
Source of classification or shelving scheme
ეგზემპლარები
ჩამოწერის სტატუსი დაკარგული ეგზემპლარის სტატუსი კლასიფიკაციის წყარო ან თაროზე გაწყობის სქემა დაზიანების სტატუსი არ გაიცემა მუდმივი მდებარეობა (დაცვის ადგილი) ამჟამინდელი ადგილსამყოფელი თაროზე განთავსების ადგილი შეძენის თარიღი ღირებულება, შესყიდვის ნორმალური ფასი სრული შენახვის შიფრი შტრიხკოდი ბოლო ოპერაციის თარიღი ეგზემპლარის მიმდევრობითი ნომერი (კეტერი?) ფასის ძალაში შესვლის თარიღი ეგზემპლარის სახეობა საჯარო შენიშვნა
          ბათუმის შოთა რუსთაველის სახელმწიფო უნივერსიტეტის მთავარი ბიბლიოთეკა ბათუმის შოთა რუსთაველის სახელმწიფო უნივერსიტეტის მთავარი ბიბლიოთეკა წიგნსაცავი 2018-12-17 1.60 94(5) დ-74 28258 2018-12-17 28258 2018-12-17 წიგნი 1.60 ₾.
          ბათუმის შოთა რუსთაველის სახელმწიფო უნივერსიტეტის მთავარი ბიბლიოთეკა ბათუმის შოთა რუსთაველის სახელმწიფო უნივერსიტეტის მთავარი ბიბლიოთეკა წიგნსაცავი 2018-12-17 1.60 94(5) დ-74 28259 2018-12-17 28259 2018-12-17 წიგნი 1.60 ₾.